Sports Quiz

Random Sports or Soccer Quiz
Score 0/231 Timer 15:00
1 Play Today
Season Name % Correct
2018/19Pierre-Emerick Aubameyang/Sadio Mané/Mohamed Salah
93.5%
2017/18Mohamed Salah
92.5%
2017/18Mohamed Salah
92.5%
2017/18Mohamed Salah
92.5%
2017/18Mohamed Salah
92.5%
2017/18Mohamed Salah
92.5%
2019/20Kevin De Bruyne
91.2%
2019/20Jamie Vardy
90.4%
1993/94Sir Alex Ferguson
87.4%
1995/96Sir Alex Ferguson
87.4%
1996/97Sir Alex Ferguson
87.4%
1998/99Sir Alex Ferguson
87.4%
1999/00Sir Alex Ferguson
87.4%
2002/03Sir Alex Ferguson
87.4%
2006/07Sir Alex Ferguson
87.4%
2007/08Sir Alex Ferguson
87.4%
2008/09Sir Alex Ferguson
87.4%
2010/11Sir Alex Ferguson
87.4%
2012/13Sir Alex Ferguson
87.4%
2004/05Wayne Rooney
86.9%
2004/05Wayne Rooney
86.9%
2005/06Wayne Rooney
86.9%
2005/06Wayne Rooney
86.9%
2006/07Wayne Rooney
86.9%
2009/10Wayne Rooney
86.9%
2009/10Wayne Rooney
86.9%
2009/10Wayne Rooney
86.9%
2009/10Wayne Rooney
86.9%
2010/11Wayne Rooney
86.9%
2014/15Harry Kane
86.7%
2015/16Harry Kane
86.7%
2016/17Harry Kane
86.7%
2016/17Harry Kane
86.7%
2001/02Thierry Henry
86.6%
2002/03Thierry Henry
86.6%
2002/03Thierry Henry
86.6%
2002/03Thierry Henry
86.6%
2002/03Thierry Henry
86.6%
2003/04Thierry Henry
86.6%
2003/04Thierry Henry
86.6%
2003/04Thierry Henry
86.6%
2003/04Thierry Henry
86.6%
2003/04Thierry Henry
86.6%
2004/05Thierry Henry
86.6%
2005/06Thierry Henry
86.6%
2005/06Thierry Henry
86.6%
2005/06Thierry Henry
86.6%
2014/15Sergio Agüero
85.5%
2006/07Cristiano Ronaldo
85.4%
2006/07Cristiano Ronaldo
85.4%
2006/07Cristiano Ronaldo
85.4%
2006/07Cristiano Ronaldo
85.4%
2006/07Cristiano Ronaldo
85.4%
2007/08Cristiano Ronaldo
85.4%
2007/08Cristiano Ronaldo
85.4%
2007/08Cristiano Ronaldo
85.4%
2007/08Cristiano Ronaldo
85.4%
2007/08Cristiano Ronaldo
85.4%
2019/20Kevin De Bruyne
85.4%
1993/94Alan Shearer
85.2%
1994/95Alan Shearer
85.2%
1994/95Alan Shearer
85.2%
1994/95Alan Shearer
85.2%
1995/96Alan Shearer
85.2%
1996/97Alan Shearer
85.2%
1996/97Alan Shearer
85.2%
2017/18Pep Guardiola
84.9%
2018/19Pep Guardiola
84.9%
2019/20Sadio Mané
84.8%
2004/05Frank Lampard
84.7%
2004/05Frank Lampard
84.7%
2004/05Frank Lampard
84.7%
2019/20Jürgen Klopp
84.4%
1992/93Ryan Giggs
83.6%
1998/99Ryan Giggs
83.6%
2008/09Ryan Giggs
83.6%
2015/16Jamie Vardy
83.2%
Season Name % Correct
2015/16Jamie Vardy
83.2%
2017/18Jamie Vardy
83.2%
1998/99Michael Owen/Dwight Yorke/Jimmy Floyd Hasselbaink
83%
2000/01Steven Gerrard
82.7%
2000/01Steven Gerrard
82.7%
2005/06Steven Gerrard
82.7%
2005/06Steven Gerrard
82.7%
2008/09Steven Gerrard
82.7%
2008/09Steven Gerrard
82.7%
2019/20Ederson
82.4%
2019/20Kevin De Bruyne
82.2%
2004/05José Mourinho
81.2%
2005/06José Mourinho
81.2%
2014/15José Mourinho
81.2%
1997/98Arsène Wenger
80%
2001/02Arsène Wenger
80%
2003/04Arsène Wenger
80%
2017/18David de Gea
79.8%
2013/14Petr Čech/Wojciech Szczęsny
79.8%
2004/05Petr Čech
79.6%
2009/10Petr Čech
79.6%
2015/16Petr Čech
79.6%
2017/18Kevin De Bruyne
79.2%
2018/19Raheem Sterling
78.3%
2018/19Raheem Sterling
78.3%
1997/98Chris Sutton/Dion Dublin/Michael Owen
78.1%
2011/12Robin van Persie
77.8%
2011/12Robin van Persie
77.8%
2011/12Robin van Persie
77.8%
2011/12Robin van Persie
77.8%
2012/13Robin van Persie
77.8%
2012/13Robin van Persie
77.8%
1993/94Andy Cole
77.7%
1993/94Andy Cole
77.7%
2015/16Riyad Mahrez
77.3%
2015/16Riyad Mahrez
77.3%
1997/98Michael Owen
75.8%
1997/98Michael Owen
75.8%
2006/07Didier Drogba
75.6%
2009/10Didier Drogba
75.6%
2018/19Virgil van Dijk
75.4%
2018/19Virgil van Dijk
75.4%
1996/97David Beckham
75.2%
2013/14Eden Hazard
74.7%
2014/15Eden Hazard
74.7%
2014/15Eden Hazard
74.7%
2014/15Eden Hazard
74.7%
2018/19Eden Hazard
74.7%
2018/19Eden Hazard
74.7%
2018/19Alisson
74.5%
2019/20Jordan Henderson
71.9%
2013/14Luis Suárez
71.2%
2013/14Luis Suárez
71.2%
2013/14Luis Suárez
71.2%
2013/14Luis Suárez
71.2%
2013/14Luis Suárez
71.2%
2016/17Emre Can
69.9%
1997/98Dennis Bergkamp
69.7%
1997/98Dennis Bergkamp
69.7%
1997/98Dennis Bergkamp
69.7%
2001/02Dennis Bergkamp
69.7%
2010/11Carlos Tevez/Dimitar Berbatov
69.1%
2015/16Dele Alli
67.9%
2015/16Claudio Ranieri
67.9%
2015/16Dele Alli
67.9%
2016/17Dele Alli
67.9%
1995/96Les Ferdinand
67.8%
1999/00Roy Keane
67.8%
1999/00Roy Keane
67.8%
1998/99Dwight Yorke
67.4%
2004/05John Terry
67.3%
2001/02Ruud van Nistelrooy
67.2%
2001/02Ruud van Nistelrooy
67.2%
2002/03Ruud van Nistelrooy
67.2%
2002/03Ruud van Nistelrooy
67.2%
2016/17N'Golo Kanté
66.6%
2016/17N'Golo Kanté
66.6%
Season Name % Correct
2016/17N'Golo Kanté
66.6%
1993/94Eric Cantona
65%
1995/96Eric Cantona
65%
1992/93Teddy Sheringham
64.7%
2000/01Teddy Sheringham
64.7%
2000/01Teddy Sheringham
64.7%
2008/09Edwin van der Sar
64.7%
2019/20Trent Alexander-Arnold
60.9%
1995/96Peter Schmeichel
60.3%
1994/95Robbie Fowler
60.2%
1995/96Robbie Fowler
60.2%
2010/11Joe Hart
60.1%
2011/12Joe Hart
60.1%
2012/13Joe Hart
60.1%
2014/15Joe Hart
60.1%
2016/17Antonio Conte
59%
2010/11Gareth Bale
57.1%
2012/13Gareth Bale
57.1%
2012/13Gareth Bale
57.1%
2012/13Gareth Bale
57.1%
2012/13Gareth Bale
57.1%
2016/17Thibaut Courtois
56.2%
2001/02Robert Pires
56.2%
2019/20Son Heung-min
54.1%
2000/01Patrick Vieira
51.1%
1998/99Nicolas Anelka
50%
2007/08Cesc Fàbregas
50%
2008/09Nicolas Anelka
50%
2011/12Vincent Kompany
48.1%
2018/19Vincent Kompany
48.1%
2008/09Nemanja Vidić
47.7%
2010/11Nemanja Vidić
47.7%
2000/01Jimmy Floyd Hasselbaink
46%
2017/18Leroy Sané
43.7%
1999/00Kevin Phillips
42.3%
1999/00Kevin Phillips
42.3%
2005/06Pepe Reina
42.2%
2006/07Pepe Reina
42.2%
2007/08Pepe Reina
42.2%
2009/10James Milner
36.1%
1994/95Kenny Dalglish
35.8%
2010/11Jack Wilshere
34.8%
2013/14Jack Wilshere
34.8%
2014/15Jack Wilshere
34.8%
1996/97Gianfranco Zola
33.9%
2001/02Freddie Ljungberg
33.6%
1994/95Matt Le Tissier
31.3%
1998/99David Ginola
30.8%
1998/99David Ginola
30.8%
2009/10Harry Redknapp
29.4%
2014/15Alexis Sánchez
29.2%
2007/08Emmanuel Adebayor
27.1%
2008/09Ashley Young
27%
1995/96Tony Yeboah
26.1%
2011/12Alan Pardew
22.8%
1999/00Paolo Di Canio
21.9%
2011/12Kyle Walker
21.6%
2008/09Glen Johnson
21.4%
2003/04Scott Parker
21%
2010/11Scott Parker
21%
1994/95Jürgen Klinsmann
20.8%
1999/00Harry Kewell
20.2%
2011/12Papiss Cissé
20.1%
2013/14Tony Pulis
16%
1992/93Paul McGrath
13.1%
2002/03Jermaine Jenas
12.5%
2001/02Craig Bellamy
11.6%
1996/97Trevor Sinclair
10%
2000/01George Burley
9.2%
1992/93Dalian Atkinson
9.1%
1996/97Juninho
7.3%
2009/10Maynor Figueroa
6.7%
1992/93Chris Waddle
5.7%
1993/94Rod Wallace
4.5%
2003/04Dietmar Hamann
4.3%
2000/01Shaun Bartlett
2.8%
2010/11Raul Meireles
2.3%
Remove Ads.
Support Sporcle.
Get the best of Sporcle when you Go Orange. This ad-free experience offers more features, more stats, and more fun while also helping to support Sporcle. Thank you for becoming a member.

You're not logged in!

Compare scores with friends on all Sporcle quizzes.
OR
Log In

Show Comments

Extras

Top Quizzes Today


Score Distribution

Your Account Isn't Verified!

In order to create a playlist on Sporcle, you need to verify the email address you used during registration. Go to your Sporcle Settings to finish the process.

Report this User

Report this user for behavior that violates our Community Guidelines.

Details: